000 00577cam a22002053a 4500
001 45510
003 PGUSA
005 20140828084043.0
008 140427s2014||||xxu|||||s|||||000 | eng d
040 _aPGUSA
_beng
042 _adc
100 1 _aSinks, Perry Wayland
245 1 4 _aThe Reign of the Manuscript
_h[electronic resource] /
_cPerry Wayland Sinks
260 _bProject Gutenberg,
_c2014
506 _aPublic domain in the USA.
516 _aElectronic text
830 0 _aProject Gutenberg
_v45510
856 4 0 _uhttp://www.gutenberg.org/ebooks/45510
942 _cEB
999 _c274761
_d274761